000
00343nam a2200157Ia 4500
100
_a
Lin/Yi-Bing/ Chlamtac/I
650
_a
Wireless
942
_c
BK
366
_f
25
245
_a
Wireless and mobile network architecture
260
_b
Wiley India
_c
2001
082
_a
5.74
_b
LIN
300
_a
532
546
_a
ENGLISH
_c
TTL
999
_c
20734
_d
20734